| 000 | 01243nam a2200253Ia 4500 | ||
|---|---|---|---|
| 999 |
_c3443 _d3443 |
||
| 003 | OSt | ||
| 005 | 20200326115547.0 | ||
| 008 | 191128s1995 ck a gr 001 0dspa d | ||
| 020 | _a9589298389 | ||
| 040 |
_aCO-JMCR _cCO-JMCR |
||
| 082 | 0 | 4 |
_a025.1714 / _bM516c |
| 100 | 1 |
_aSánchez Mejia, Myriam, _eautora _91931 |
|
| 245 | 1 | 0 |
_aCapacitación archivistica : _bsugerencias para planear las actividades / _cMyriam Mejía |
| 260 |
_aBogotá : _bArchivo General de la Nación, _c1995 |
||
| 300 |
_a59 páginas : _bilustraciones en blanco y negro ; _c24 cm. |
||
| 490 |
_aMini-manual ; _v2 |
||
| 500 | _aIncluye bibliografía. | ||
| 505 | _aIntroducción -- Conceptos generales -- Responsabiblidades en capacitación -- Programa de capacitación -- Elaboración del plan -- Organización, dirección y supervisión -- Evaluación y seguimiento | ||
| 520 | _aEn todos los niveles de la actividad administrativa se requiere algún tipo de capacitación. En los archivos, sin importar el tamaño y el grado de diversificación de los servicioa, es necesario programar actividades y cursos de capacitación. | ||
| 546 | _aspa | ||
| 650 | 1 | 4 |
_aArchivología _xEnseñanza _91932 |
| 650 | 2 | 4 |
_aCapacitación de empleados _91933 |
| 942 |
_2ddc _cBK |
||